| 000 | 00507nam a2200181Ia 4500 | ||
|---|---|---|---|
| 999 |
_c30094 _d30094 |
||
| 003 | OSt | ||
| 005 | 20201221105238.0 | ||
| 008 | 190216s9999||||xx |||||||||||||| ||und|| | ||
| 020 | _a9798172044786 | ||
| 040 | _coclc | ||
| 082 |
_a894.8121 _bASH/M |
||
| 100 |
_aAshraf, K _97710 |
||
| 245 | 0 |
_aMurivukalude Pusthakam / _cK Ashraf |
|
| 260 |
_bPratheeksha Publications, _c2009. _aCalicut: |
||
| 300 | _a77p | ||
| 650 | _aKavitha | ||
| 942 |
_cBK _2ddc _h894.8121 _iASH/M _k894.8121 _mASH/M |
||